| 000 | 01113nam a2200265 i 4500 | ||
|---|---|---|---|
| 001 | 181232 | ||
| 003 | ES-MaACL | ||
| 005 | 20250812224328.0 | ||
| 008 | 121105s1927 sp | |||| ||spa d | ||
| 040 | _cES-MaACL | ||
| 080 | _a515.17 | ||
| 100 | 1 |
_aMartínez Sancho, María del Carmen. _9151796 _eaut |
|
| 245 | 1 | 0 |
_aContribución al estudio de los espacios normales de Bianchi / _cpor María del Carmen Martínez Sancho. |
| 260 |
_aMadrid : _bJunta para Ampliación de Estudios e Investigaciones Científicas, _c1927 ( _fImp. Clásica Española) |
||
| 300 |
_a61 p. ; _c25 cm. |
||
| 490 | 1 |
_aPublicaciones del Laboratorio y Seminario Matemático ; _vT. 4, memoria 4ª |
|
| 504 | _aBibliografía: p. [63] | ||
| 650 | 4 |
_aEspacios analíticos. _9151797 |
|
| 710 | 2 |
_aJunta para la Ampliación de Estudios e Investigaciones Científicas. _95413 |
|
| 830 | 0 | 0 |
_aPublicaciones del Laboratorio y Seminario Matemático _vT. 4, memoria 4ª _9191411 |
| 852 |
_aES-MaACL _jB-13179(4) _xEnc. vol. facticio |
||
| 942 |
_cMONOGRAFIA _n0 |
||
| 999 |
_c181232 _d181232 |
||